| 000 | 01343cam a2200337 i 4500 | ||
|---|---|---|---|
| 001 | 38041 | ||
| 003 | Mx-PuUPA | ||
| 005 | 20240410103801.0 | ||
| 008 | 140415s2000 mx a r 000 0 spa d | ||
| 020 | _a9701021908 | ||
| 040 |
_aMx-PuUPA _bspa _cMx-PuUPA _dMx-PuUPA _erda |
||
| 041 | 1 |
_aspa _heng |
|
| 100 | 1 |
_aBeischer, Norman A., _eautor |
|
| 240 | 1 | 0 |
_aObstetrics and the newborn. an illustrated textbook. _lEspañol |
| 245 | 1 | 0 |
_aObstetricia y neonatología : _btexto ilustrado / _cNorman A. Beischer, Eric V. Mackay, Paul Colditz ; traducción, Santiago Sapiña Renard |
| 250 | _aPrimera edición | ||
| 264 | 1 |
_aMéxico, D.F. : _bMcGraw-Hill Interamericana Editores, _c©2000 |
|
| 300 |
_axii, 855 páginas : _bilustraciones (a color) ; _c28 cm |
||
| 336 |
_2rdacontent _atexto _btxt |
||
| 337 |
_2rdamedia _asin medio _bn |
||
| 338 |
_2rdacarrier _avolumen _bnc |
||
| 650 | 4 | _aNeonatología | |
| 650 | 4 | _aObstetricia | |
| 700 | 1 |
_aMackay, Eric V., _eautor |
|
| 700 | 1 |
_aColditz, Paul, _eautor |
|
| 700 | 1 |
_aSapina Renard, Santiago, _etraductor |
|
| 765 | 0 | 8 |
_aBeischer, Norman A., _d[Lugar de publicación no identificado] : W.B. Saunders Company Ltd.,©1997 _tObstetrics and the newborn. an illustrated textbook. _z0702021237 |
| 942 |
_2ddc _cLI _h618.2 _iB422 |
||
| 999 |
_c38041 _d38041 |
||